| 000 | 00528nam a2200181 a 4500 | ||
|---|---|---|---|
| 005 | 20140310183137.0 | ||
| 008 | 020820s19uu xx 00 eng d | ||
| 020 | _a9780910944090 | ||
| 050 |
_aHG 4530 _b.M23 1999 |
||
| 100 | _aMadlem, Peter W. | ||
| 245 |
_aPower investing with sector funds : _bmutual fund timing and allocation strategy / _cPeter W. Madlem. |
||
| 260 |
_aUSA : _bCRC Press LLC, _c1999. |
||
| 300 |
_a358 p. : _c25 cm. |
||
| 521 | _aBSBA | ||
| 650 | _aInvesting | ||
| 942 |
_cBK _2lcc _kFOR |
||
| 999 |
_c19297 _d19297 |
||